header

The World Bank Group sanctions process and its recent reforms (Record no. 84816)

MARC details
000 -LEADER
fixed length control field 01345nam a2200361 a 4500
082 04 - DEWEY DECIMAL CLASSIFICATION NUMBER
Classification number 332.1/532
100 1# - MAIN ENTRY--AUTHOR NAME
Personal name Leroy, Anne-Marie.
245 14 - TITLE STATEMENT
Title The World Bank Group sanctions process and its recent reforms
260 ## - PUBLICATION, DISTRIBUTION, ETC. (IMPRINT)
Place of publication Washington, D.C. :
Name of publisher World Bank,
Year of publication 2012.
300 ## - PHYSICAL DESCRIPTION
Number of Pages vi, 41 p.
490 0# - SERIES STATEMENT
Series statement World Bank study
650 #0 - SUBJECT ADDED ENTRY--TOPICAL TERM
Topical Term Economic sanctions.
Topical Term Economic assistance
700 1# - ADDED ENTRY--PERSONAL NAME
Personal name Fariello, Frank.
856 40 - ELECTRONIC LOCATION AND ACCESS
Uniform Resource Identifier http://site.ebrary.com/lib/rucke/Doc?id=10580582

No items available.

© 2026 Rongo University
Contact us: librarian | system librarian | Rongo university